| 000 | 00465nam a2200169Ia 4500 | ||
|---|---|---|---|
| 008 | 151213s9999 xx 000 0 und d | ||
| 020 | _a984-809-035-5 | ||
| 100 | _aShekh Serajul Hakim | ||
| 245 |
_aEco-tourism and The Sundarbans : Alternative Policies and Development _cShekh Serajul Hakim |
||
| 250 | _a1st | ||
| 260 |
_aDhaka _bU G C _c2009 |
||
| 300 | _a7251 p. | ||
| 650 | _aReference | ||
| 650 | _aTourism | ||
| 700 | _aShekh Serajul Hakim | ||
| 999 |
_c3851 _d3851 |
||